| 000 | 00683nam a2200229 4500 | ||
|---|---|---|---|
| 001 | 113612 | ||
| 003 | DR-UNIBE | ||
| 005 | 20250514062542.0 | ||
| 008 | 250513b2013 xxu||||| |||| 00| 1 eng d | ||
| 020 | _a9781476727653 | ||
| 040 |
_aBIBLIOTECA UNIBE _bspa _cBIBLIOTECA UNIBE _erda |
||
| 041 | _aeng | ||
| 082 |
_222 _a813.54 K55d |
||
| 100 | 0 |
_aKing, Stephen, _d1947- _q(King, Stephen Edwin) _962378 |
|
| 245 | 1 | 0 |
_aDoctor slepp : _ba novel / _cStephen King |
| 250 | _aPrimera edición | ||
| 260 |
_aNew York: _bScribner, _c2013 |
||
| 300 |
_a531 páginas : _c23 x 15 cm |
||
| 650 | 7 |
_2lemb _aNovela estadounidense |
|
| 650 | 7 |
_2lemb _aLiteratura estadounidense |
|
| 942 |
_2ddc _cBK |
||
| 999 |
_c113612 _d113612 |
||